| 000 | 00511nam a2200145Ia 4500 | ||
|---|---|---|---|
| 008 | 200924s9999 xx 000 0 und d | ||
| 020 | _a978-981-4844-24-6 | ||
| 100 | _aGaspar, Julian E. | ||
| 245 |
_cJulian E. Gaspar _aIntroduction to global business: _bunderstanding the international environment and global business functions/ |
||
| 250 | _a2nd ed. | ||
| 260 |
_aSingapore: _bCENGAGE _c2019 |
||
| 300 |
_axx, 407 pages _c25 cm. |
||
| 650 | _aGlobalization -- economic aspects | ||
| 650 | _aInternational trade | ||
| 999 |
_c364454 _d364454 |
||